| 000 | 00461nam a2200157 4500 | ||
|---|---|---|---|
| 001 | 116361 | ||
| 003 | ES-MaACL | ||
| 005 | 20230906190706.0 | ||
| 007 | t| | ||
| 008 | 061121s1917 fr r ||||1| fre d | ||
| 100 | 1 |
_aPaturini, G. _989615 |
|
| 245 | 1 | 0 |
_aPactes et contrats en droit romain et byzantin _b: simples remarques / _cpar G. Paturini. |
| 260 |
_aParis : _bFontemoing et Cie, _c1917. |
||
| 300 |
_a168 p. ; _c24 x 16 cm. |
||
| 852 |
_aES-MaACL _jF-9678 |
||
| 999 |
_c116361 _d116361 |
||